Les 10 langues avec le plus de mots (dans leur dictionnaire) - Statistiques

Statistiques générales
  • Ce quiz a été pris 40 fois
  • Le résultat moyen est 5 sur 10
Statistiques - réponses
Nombre de mots Langue % Correct
270 000 Français
92%
330 000 Allemand
68%
Plus de 500 000 Japonais
68%
1 100 373 Coréen
57%
Environ 600 000 Suédois
43%
Environ 500 000 Norvégien
41%
616 767 Turc
35%
Environ 400 000 Néerlandais
24%
560 000 Islandais
22%
Plus de 500 000 Lituanien
14%
Aucun quiz correspondant
Distribution des résultats
% des personnes avec chaque résultat
Percentile par nombre de réponses
Votre historique - résultats
Vous n’avez pas pris ce quiz